| 000 | 00906nas a2200301 4500 | ||
|---|---|---|---|
| 001 | BR8706227 | ||
| 003 | BR-BrBNA | ||
| 005 | 20231205090840.0 | ||
| 007 | ta | ||
| 008 | 230509b bl.|||p| |||| 00| 00por d | ||
| 040 |
_aBR-BrBNA _bpor _cBiblioteca Nacional de Agricultura |
||
| 041 | _a(Pt) | ||
| 072 | _aH10 | ||
| 100 | 1 | _aAlvarez, E.J. | |
| 100 | 1 | _aGuelere, E.A. | |
| 100 | 1 | _aHanson, R.A. | |
| 100 | 1 | _aBeltrame, J.C. | |
| 100 | 1 | _aCalafiori, M.H. | |
| 245 | 1 | _aAvaliacao da eficiencia de fosfina no controle de nematoides para desinfeccao do solo | |
| 246 | 1 | _aEvaluation of phosphine efficiency to control nematodes in the soil | |
| 650 | _aNEMATOIDE | ||
| 650 | _aFOSFINA | ||
| 650 | _aDESINFECCAO | ||
| 650 | _aSOLO | ||
| 773 | 0 |
_tEcossistema (Brazil) _xISSN 0100-4107 _g(Oct 1986), v. 11 p. 79-81 _wBR8706227 |
|
| 909 |
_a202311 _bLúcia _c55 _dLúcia Elande |
||
| 942 |
_2AGRIS _n0 _cANA |
||
| 999 |
_c121235 _d121235 |
||